تاريخ مصر من الفتح العثماني إلى قبيل الوقت الحاضر : (Record no. 25056)

MARC details
000 -الفاتح
حقل البيانات ثابتة الطول 01269nam a2200301 i 4500
003 - محدد رقم الضبط
رقم الضبط EG-ScBUE
005 - وقت وتاريخ اخر تعامل مع التسجيلة
رقم الضبط 20240102121906.0
008 - عناصر البيانات ثابتة الطول - معلومات عامة
حقل البيانات ثابتة الطول 170720q1916 ua bo f 000 0 ara d
040 ## - مصدر الفهرسة
وكالة الفهرسة الأصلية EG-ScBUE
لغة الفهرسة ara
قواعد الوصف rda
وكالة التعديل EG-ScBUE
وكالة النسخ EG-ScBUE
043 ## - رمز المنطقة الجغرافية
رمز المنطقة الجغرافية f-ua---
082 04 - رقم تصنيف ديوى العشرى
رقم التصنيف 962.03
رقم المادة إ س ك
رقم الطبعة 22
100 1# - المدخل الرئيسى - إسم شخصى
الإسم الشخصى إسكندري، عمر،
الدور مؤلف.
245 10 - بيان العنوان
العنوان تاريخ مصر من الفتح العثماني إلى قبيل الوقت الحاضر :
بقية العنوان مع نبذ في أخبار بعض الأمم التي ارتبطت بمصر في ذلك العهد /
بيان المسئوليه,etc تأليف عمر الإسكندري، سليم حسن ؛ وراجعه أ. ج. سفدج.
264 #1 - النشر، التوزيع
مكان الناشر او الموزع القاهرة :
اسم الناشر او الموزع مكتبة مدبولي،
تاريخ النشر أو التوزيع [1916]
300 ## - الوصف المادى
التعداد 295 صفحة :
تفاصيل ماديه اخرى للوعاء خرائط، صور ؛
أبعاد الوعاء 24 سم.
336 ## - نوع المحتوى
source rdacontent
Carrier Type Term نص
Content Type Code txt
337 ## - نوع الوسيط
Media Type Term بدون وسيط
source rdamedia
Media Type Code n
338 ## - نوع الحامل أو الناقل
Carrier Type Term مجلد
Carrier Type Code nc
source rdacarrier
490 0# - بيان السلسلة
عنوان السلسلة صفحات من تاريخ مصر ؛
رقم المجلد/ التعيين التسلسلي 6
590 ## - تبصرة محلية(RLIN)
تبصرة محلية سامح
650 ## - المدخل الاضافى بالموضوع-مصطلح موضوعى
مصدر الرأس أو المصطلح BUEsh
651 #7 - المدخل الاضافى بالموضوع - اسم جغرافى
الاسم الجغرافي مصر
التقسيم الفرعي العام تاريخ
التقسيم الفرعي الزمني الحكم العثماني، 1517-1882.
مصدر الرأس أو المصطلح BUEsh
653 ## - مصطلح تكشيفى غير مقيد
Resource For college Generalities
-- BAEPS, Political Science
Arrived date list July2017
655 ## - مصطلح تكشيفى-نوع/شكل
التقسيم الفرعي الشكلي Reading book
700 1# - المدخل الاضافى - اسم شخصى
الإسم الشخصى حسن، سليم،
الدور مؤلف.
9 (RLIN) 31729
700 1# - المدخل الاضافى - اسم شخصى
الإسم الشخصى سفدج، أ. ج.،
الدور مراجع.
942 ## - عناصر المدخل الإضافي( كوها)
مصدر التصنيف او مخطط الترفيف Dewey Decimal Classification
Holdings
حالة التراجع حالة الفقد مصدر التصنيف او خطة الترفيف حالة تلف ليس للاعارة مجموعات كوها المكان الدائم المكان الحالي موقع الترفيف تاريخ الاكتساب Source of acquisition تعداد مسلسل / التسلسل الزمني رقم الاستدعاء الباركود Date last seen نوع الوعاء
    Dewey Decimal Classification     Madboly Central Library Central Library Second Floor 20/07/2017 Purchase 04183 962.03 إ س ك 000034284 15/07/2025 Book - Borrowing